Paroles de chanson : Je voudrais déjà être Roi, le Roi Lion - Statistiques

Statistiques générales
  • Ce quiz a été pris 263 fois
  • Le résultat moyen est 148 sur 204
Statistiques - réponses
Mots % Correct
de
99%
Je
99%
je
99%
Roi
99%
roi
99%
à
98%
et
97%
la
97%
le
96%
Le
96%
si
96%
Si
96%
voudrais
96%
déjà
95%
etre
94%
être
94%
avec
93%
du
93%
ce
92%
des
92%
un
92%
grand
90%
pas
89%
peu
89%
Simba
89%
animal
88%
C'est
88%
c'est
88%
dans
88%
en
88%
faire
88%
moi
88%
ne
88%
poil
88%
qu'on
88%
royaume
88%
cour
87%
rugissement
87%
une
87%
fois
86%
première
86%
bestial
85%
entrée
85%
voit
85%
grands
84%
te
84%
triomphale
84%
tu
84%
royalement
82%
vais
82%
poussant
81%
tres
80%
Majesté
74%
mon
74%
coude
71%
que
71%
mouches
68%
n'a
67%
qui
66%
me
65%
Sans
64%
sans
64%
veux
64%
monarchie
60%
conseils
59%
tyrannie
59%
Adieu
58%
d'une
58%
est
58%
ta
58%
confonds
56%
corneille
56%
ferme
56%
les
56%
toi
56%
boutique
54%
vieille
54%
plait
53%
as
52%
ca
52%
l'Afrique
52%
vive
52%
votre
52%
51%
république
51%
tais
51%
coeur
49%
fais
49%
Lion
49%
qu'il
49%
Il
48%
langue
48%
on
48%
trompe
48%
garde
47%
bien
46%
dit
46%
prends
46%
tiens
46%
Au
45%
parle
45%
voie
45%
grandeur
44%
jamais
44%
l'ouest
42%
temps
42%
dire
41%
Regardez
38%
regardez
38%
l'est
37%
encore
36%
frontière
36%
peux
36%
chemin
35%
reste
35%
long
34%
nouveau
34%
pouvoir
34%
Soleil
34%
animaux
32%
ici
32%
conteste
31%
sera
31%
nouvelle
30%
assieds
29%
ciel
28%
croire
28%
surtout
28%
jusqu'au
26%
monte
25%
Altesse
24%
répandent
24%
rumeur
18%
Ah
15%
Aucun quiz correspondant
Distribution des résultats
% des personnes avec chaque résultat
Percentile par nombre de réponses
Votre historique - résultats
Vous n’avez pas pris ce quiz